000 00254nam a2200109Ia 4500
008 200302s9999 xx 000 0 und d
100 _aK.D. Gaur
245 _aDevelopment and Planning Vol 2
260 _bSarup & Sons
260 _c1995
300 _a394 P.,
999 _c5516
_d5516